The 13 Ghosts of Scooby-Doo - Statistics

General Stats
  • This quiz has been taken 26 times
  • The average score is 8 of 13
Answer Stats
Picture Answer % Correct
Marcella
83%
Zomba
83%
Asmodeus
67%
Demondo
67%
Maldor the Malevolent
67%
Nekara
67%
Queen Morbidia
67%
Time Slime
67%
Captain Ferguson
50%
Profesor Phantazmo
50%
Rankor
50%
Reflector Specter
50%
Zimbulu
33%
No matching quizzes found
Score Distribution
Percent of People with Each Score
Percentile by Number Answered
Your Score History
You have not taken this quiz